000 00725nam a2200217Ia 4500
003 GCL
008 140319s9999 xx 000 0 ara d
040 _aGCL /
_cGCL
082 0 4 _a933
_bا م
100 1 _aاحمد الشاذلى
245 1 0 _aمسيرة بنى اسرائيل والاصول التاريخية لليهود /
_cاحمد الشاذلى
300 _a601 ص ؛
_c32 سم
650 0 4 _aاليهود
650 0 4 _aاليهود - الاحوال الاجتماعية
650 0 4 _aاليهود - الاصل
650 0 4 _aاليهود - تشتت
650 0 4 _aاليهود - تاريخ قديم
650 0 4 _aاليهود - الهجرة
650 0 4 _aاليهود - تاريخ حديث
942 _2ddc
_cBK
999 _c6319
_d6319